| 000 | 00991nam a22002537a 4500 | ||
|---|---|---|---|
| 005 | 20170124103106.0 | ||
| 010 | _aB-072937 | ||
| 020 |
_c100.00 _a8176750492 |
||
| 035 | _aB-072937 | ||
| 037 | _bCen Lib/Ret | ||
| 040 |
_aDPL _bHN |
||
| 082 |
_a821 _bकौंसवा |
||
| 100 |
_aकौंसवाल, प्रमोद _978349 |
||
| 245 |
_aरुपिन-सूपिन / _cप्रमोद कौंसवाल |
||
| 246 |
_aRoopin-soopin / _bby Pramod Kaunswal |
||
| 260 |
_aपंचकुला _bआधार प्रकाशन _c2002 |
||
| 270 |
_aएस.सी.एफ. 267, सेक्टर-16 _bपंचकुला _e134113 |
||
| 300 |
_a116पृ. _c21सेमी (सजिल्द) |
||
| 650 |
_aसाहित्य--काव्य _978350 |
||
| 650 |
_aहिन्दी कविताएं _978351 |
||
| 650 |
_aLiterature--Poem _978352 |
||
| 650 |
_aHindi poems _978353 |
||
| 942 |
_2ddc _cHN _h821 _mकौंसवा |
||
| 999 |
_c118106 _d118106 |
||